عرض عادي عرض مارك
  • Atlas.

مدخل تقسيم شكلي

عدد التسجيلات المستخدمة في: 2

001 - رقم الضبط

  • حقل الضبط: 16112

003 - معرف رقم الضبط

  • حقل الضبط: OSt

005 - تاريخ ووقت أخر عملية

  • حقل الضبط: 20120623135758.0

008 - عناصر بيانات ثابتة الطول

  • حقل تحكم ثابت الطول: 120623|||a|||||| | ||| d

040 ## - مصدر الفهرسة

  • هيئة الفهرسة الأصلية: OSt
  • وكالة الكتابة: OSt

155 ## - الراس-نوع ادبي/مصطلح شكلي

  • النوع الادبي/المصطلح الشكلي: Atlas.

670 ## - بيانات المصدر موجوده

  • الاستشهاد بالمصدر: Work cat.: (OSt)0: Pavelka, Margit, 1945- 16103, Functional ultrastructure :, c2010.